Aprendiendo a enseñar: una propuesta de intervención didáctica para una enseñanza de calidad

Gorde:
Xehetasun bibliografikoak
Egile Nagusiak: Hernández-Pizarro, Lucía (Egilea), Caballero, María Angeles (Egilea)
Formatua: Liburua
Hizkuntza:gaztelania
Argitaratua: Madrid CCS 2009
Edizioa:1a. ed
Saila:Colección Campus, 58
Gaiak:
Etiketak: Etiketa erantsi
Etiketarik gabe, Izan zaitez lehena erregistro honi etiketa jartzen!

MARC

LEADER 00000cam a2200000 a 4500
001 UCE5981
003 CL-VaPUC
008 150319e20090000sp |||||||||||||||||spa|d
020 |a 9788498424447 
082 0 4 |a 371.3  |b HER  |2 21 
100 0 |a Hernández-Pizarro, Lucía  |e author  |9 578649 
700 0 |a Caballero, María Angeles  |e author  |9 578650 
245 1 0 |a Aprendiendo a enseñar: una propuesta de intervención didáctica para una enseñanza de calidad 
250 |a 1a. ed 
300 |a 452 p 
942 |c BK 
945 |d 20150319 12:57:00  |a dcastane 
260 |a Madrid  |b CCS  |c 2009 
650 0 |a Pedagogía  |9 255351 
650 0 |a Métodos de enseñanza  |9 270413 
650 0 |a Didáctica   |9 369923 
583 |a last modification  |c 20150319 12:57:00  |k Rodrigo Vera 
490 0 |a Colección Campus, 58 
999 |c 358489  |d 358487 
952 |0 0  |1 0  |3 erb  |4 0  |6 371_300000000000000_HER_2009  |7 0  |8 A  |9 467219  |a BIBTEO  |b BIBTEO  |i 5141117  |l 1  |o 371.3 HER 2009  |p 5141117  |r 2025-01-17  |s 2023-08-14  |w 2019-11-23  |y BK  |z Catalogado en:20150319  |k ICR